000 00778nam a2200265Ia 4500
003 OSt
005 20220918212335.0
006 a|||||r|||| 00| 0
007 ta
008 220917b |||||||| |||| 00| 0 eng d
024 _a128,489
037 _cTextual
040 _aARTS
_cARTS
_beng
041 _2eng
_aeng
082 _aW940aT.41.N5, N4
100 _aLi Lincoln
_9108245
245 0 _aStudent nationalism in China 1924-1949
260 _aAlbany
_bState University of New York Press
_c1994
300 _ax, 209p.
_ccm.
490 _aSuny series in Chiness philosophy & culture
500 _aBibliography p177-204; Includes Index
650 _aPOLITICAL SCIENCE
942 _hW940aT.41.N5, N4
_cTEXL
_2CC
999 _c251627
_d251627